| 000 | 00527nam a2200157 4500 | ||
|---|---|---|---|
| 008 | 171214b xxu||||| |||| 00| 0 eng d | ||
| 020 | _a9780131437777 | ||
| 082 |
_21994 _aDC 537.622 _bP22 |
||
| 100 |
_925235 _aParker, Greg, author. |
||
| 245 |
_aIntroductory semiconductor device physics / _cGreg Parker. |
||
| 260 |
_aNew York : _bPrentice Hall, _c©1994. |
||
| 300 |
_axv, 286 pages : _billustrations ; _c24 cm. |
||
| 500 | _aIncludes bibliographical references and index. | ||
| 650 | 0 |
_925236 _aSemiconductors |
|
| 942 |
_2ddc _cDC |
||
| 999 |
_c8152 _d8152 |
||